000 00801cam a2200253 a 4500
999 _c14122
_d14122
003 OSt
005 20260413122146.0
008 090325s2010 nyua 001 0 eng
020 _a9781435484054
_qhdc.
042 _alccopycat
050 0 0 _aTH5604
_b.L44 2010
082 0 4 _a694
_222
100 1 _aVogt, Floyd.
245 1 0 _aCarpentry /
_cFloyd Vogt.
250 _a5th ed.
260 _aClifton Park, NY :
_bDelmar Cengage Learning,
_cc2010.
300 _axxii, 919 p. :
_bill. (chiefly col.) ;
_c29 cm.
500 _aRev. ed. of: Carpentry / Gaspar Lewis, Floyd Vogt. c2001.
500 _aIncludes index.
505 0 _aTools and materials -- Rough carpentry -- Exterior finish -- Interior finish.
650 0 _aCarpentry
_vTextbooks.
700 1 _aLewis, Gaspar J.
_tCarpentry.
942 _2ddc